Länder zu Haupstädten Europas - Statistiken

Allgemein
  • Dieses Quiz wurde 1.727 mal gespielt
  • Das Durchschnittsergebnis liegt bei 31 aus 45
Antwortstatistiken
Haupstadt Land % Korrekt
Amsterdam Niederlande
99%
Berlin Deutschland
97%
Athen Griechenland
97%
Bern Schweiz
95%
Brüssel Belgien
92%
Andorra la Vella Andorra
90%
Dublin Irland
89%
Kiew Ukraine
88%
Helsinki Finnland
87%
Madrid Spanien
87%
Kopenhagen Dänemark
86%
Luxemburg Luxemburg
86%
Lissabon Portugal
86%
Moskau Russland
85%
Monaco Monaco
84%
Budapest Ungarn
84%
London Vereinigtes Königreich
84%
Paris Frankreich
83%
Città di San Marino (kurz: San Marino) San Marino
82%
Oslo Norwegen
80%
Rom Italien
77%
Prag Tschechien
76%
Minsk Belarus
70%
Bukarest Rumänien
70%
Bratislava Slowakei
70%
Reykjavik Island
69%
Belgrad Serbien
69%
Stockholm Schweden
65%
Ljubljana Slowenien
62%
Riga Lettland
60%
Vatikanstadt Vatikanstadt
53%
Sofia Bulgarien
52%
Wien Österreich
50%
Warschau Polen
50%
Talinn Estland
48%
Chișinău/Kischinau Moldawien
48%
Sarajevo Bosnien und Herzegowina
47%
Nikosia Zypern
44%
Tirana Albanien
42%
Zagreb Kroatien
40%
Vaduz Liechtenstein
39%
Vilnius Litauen
36%
Skopje Nordmazedonien
36%
Podgorica Montenegro
35%
Valetta Malta
34%
Keine übereinstimmenden Quizze gefunden
Verteilung der Resultate
Anzahl Personen mit jedem Resultat
Perzentil nach korrekt beantworteten Fragen
Ihre Resultats-Entwicklung
Sie haben dieses Quiz noch nicht gespielt